000 02143na a2200493 4500
001 24521
003 MIRAKIL
005 20181226104234.0
008 181127b tu 000 0
035 _a20679
041 _atur
082 _a324.2372
_bC36k 2011
090 _a324.2372 C36k 2011
110 _aCumhuriyet Halk Partisi (CHP)
_bBilim, Yönetim ve Kültür Platformu
222 _aKadın programı
245 _aKadın
_bHer alanda eşit ve güçlü
_cCHP Bilim, Yönetim ve Kültür Platformu
246 _aKadınlar her alanda eşit ve güçlü
260 _aAnkara
_bCHP
_c2011
300 _a42 s.
_brnkl. fotg.
_c21 sm.
440 _aCumhuriyet Halk Partisi yayınları
_pHerkes için CHP dizisi
_vProgramlar
490 _aCHP Bilim, Yönetim ve Kültür Platformu çalışmaları
_v9
500 _aAra kapakta adı : Türkiye rahat bir nefes alacak
505 _aGiriş: Güçlü kadın, özgür toplum - Türkiye'de kadın-erkek eşitliğinde durum ve sorunlar - CHP'nin kadına bakışı: özgür ve güçlü kadın
600 _aKılıçdaroğlu, Kemal
_cCHP Genel Başkanı
_xSeçim kampanyaları, 2011
_yKadın hakları
600 _aKılıçdaroğlu, Kemal
_xPropaganda ve ideolojiler
_yKadın hakları
610 _aCHP
_xPropaganda ve ideolojiler
_yKılıçdaroğlu dönemi
_yGenel seçimler, 2011
610 _aCHP
_xSeçim kampanyaları, 2011
_yKadınlar
610 _aCHP
_xProgramlar, 2011
_yKadın politikaları
610 _aCHP
_xKadın sorunu
_yÇözüm önerileri
650 _aToplumsal cinsiyet
_zTürkiye
651 _aTürkiye
_xSiyaset ve yönetim
_y2011-2015
657 _aCHP kadın programları
657 _aHerkes için CHP kampanyası
657 _aCHP seçim kampanyaları
657 _aCHP seçim propagandaları
657 _aCHP kadın programı
657 _aCHP toplumsal cinsiyet eşitliği programı
710 _aCumhuriyet Halk Partisi (CHP)
_bBilim, Yönetim ve Kültür Platformu
740 _aKadınlar her alanda eşit ve güçlü
830 _aCHP programları
830 _aHerkes için CHP dizisi
942 _2ddc
_cBKS
040 _aMilas
_btur
_cTR-AnCHP
999 _c11781
_d11781